Olivia Rodrigo - Scared of my guitar lyrics - Statistics

General Stats
  • This quiz has been taken 254 times
  • The average score is 359 of 425
Answer Stats
Answer % Correct
i
100%
guitar
98%
i'm
98%
it
98%
my
98%
of
98%
scared
98%
so
98%
the
98%
to
98%
a
97%
me
97%
you ?
97%
you
97%
that
94%
too
94%
can't
93%
in
93%
and
92%
heart
92%
cause
91%
bridge Cause
91%
know
91%
right
91%
cuts
90%
it's
90%
knows
90%
lie
90%
no
90%
way
90%
well
90%
we'll
90%
then
89%
through
89%
play
88%
same
88%
i'll
87%
think
87%
your
87%
when
86%
excuse
85%
good
85%
got
85%
hard
85%
love
85%
yeah
85%
say
84%
all
83%
if
83%
pretend
83%
arms
82%
but
82%
easy
82%
First Verse Perfect
82%
time
82%
cause
81%
lay
81%
fine
80%
tell
80%
there
80%
why's
80%
find
77%
let
77%
done
76%
just
76%
shape
76%
something
76%
already
75%
pit
75%
sleep
75%
gut
74%
never
74%
next
74%
thought
74%
distract
73%
myself
73%
else
72%
be
71%
maybe
71%
cure
70%
i've
70%
Pre-Chorus barely
69%
once
69%
confused
67%
happy
67%
sure
66%
overwhelmed
65%
thinking
65%
as
64%
keep
64%
felt
63%
not
63%
truth
59%
friends
58%
was
58%
like
57%
i'd
56%
they
56%
what
56%
is
55%
have
54%
alright
52%
half
52%
make
52%
Chorus oh
51%
even
50%
noble
50%
along
49%
brave
49%
someone
49%
stringin'
49%
them
49%
wrong
49%
away
48%
decent
48%
excuses
48%
stop
48%
they're
48%
claim
47%
nerve
47%
fade
46%
rather
46%
tied
46%
watch
46%
ever
44%
light
43%
better
41%
could
40%
for
40%
how
40%
that's
40%
anything
36%
enough
36%
mind
35%
stay
35%
trade
35%
what's
35%
together
33%
always
31%
creeps
31%
doubt
27%
No matching quizzes found
Score Distribution
Percent of People with Each Score
Percentile by Number Answered
Your Score History
You have not taken this quiz